书目信息 |
| 题名: |
铂族元素矿物鉴定手册
|
|
| 作者: | ;中国科学院地球化学研究所 编著 | |
| 分册: | ||
| 出版信息: | 北京 科学出版社 1981 |
|
| 页数: | 396页 | |
| 开本: | 25cm | |
| 丛书名: | ||
| 单 册: | ||
| 中图分类: | O653-62 | |
| 科图分类: | ||
| 主题词: | 铂族元素矿床-岩矿鉴定--手册 , 岩矿鉴定-铂族元素矿床--手册 , 分析化学 , 分析(化学) | |
| 电子资源: | ||
| ISBN: | ||
| 000 | 00836nam0 2200277 45 | |
| 001 | 0181004798 | |
| 005 | 20040924154235.8 | |
| 010 | @b精装@dCNY4.75 | |
| 091 | @a13031.1501 | |
| 100 | @a19950703d1981 kemy0chiy0121 ea | |
| 101 | 0 | @achi |
| 102 | @aCN@b110000 | |
| 105 | @ay z 000yy | |
| 106 | @ar | |
| 200 | 10 | @a铂族元素矿物鉴定手册@Abo zu yuan su kuang wu jian ding shou ce@f中国科学院地球化学研究所编著 |
| 210 | @a北京@c科学出版社@d1981 | |
| 215 | @a396页@d25cm | |
| 606 | @a铂族元素矿床-岩矿鉴定@x手册 | |
| 606 | @a岩矿鉴定-铂族元素矿床@x手册 | |
| 606 | 0 | @a分析化学 |
| 606 | 0 | @a分析(化学) |
| 690 | @aO653-62@v3 | |
| 711 | 02 | @a中国科学院地球化学研究所@Azhong guo ke xue yuan di qiu hua xue yan jiusuo@4编著 |
| 801 | 0 | @aCN@b上海图书馆@c20040519 |
| 801 | 2 | @aCN@bNLC@c20040519 |
| 905 | @dO653-62@e6@f1@b48783 | |
| 铂族元素矿物鉴定手册/中国科学院地球化学研究所编著.-北京:科学出版社,1981 |
| 396页;25cm |
| ISBN (精装):CNY4.75 |
| ● |
| 相关链接 |
|
|
|
|
正题名:铂族元素矿物鉴定手册
索取号:O653-62/6
 
预约/预借
| 序号 | 登录号 | 条形码 | 馆藏地/架位号 | 状态 | 备注 |
| 1 | 0048782 | 000632426 | 第三借阅区/ [索取号:O653-62/6] | 在馆 | |
| 2 | 0048783 | 001962451 | 第二样本阅览室/ [索取号:O653-62/6] | 在馆 |